Exercicis de gramática catalana / (Record no. 125469)

MARC details
000 -LEADER
campo de control de longitud fija 00898nam a2200277 i 4500
001 - NÚMERO DE CONTROL
campo de control 125469
003 - IDENTIFICADOR DE NÚMERO DE CONTROL
campo de control ES-MaACL
005 - FECHA Y HORA DE LA ÚLTIMA TRANSACCIÓN
campo de control 20250910183111.0
007 - CAMPO FIJO DE DESCRIPCIÓN FÍSICA--INFORMACIÓN GENERAL
campo de control de longitud fija t|
008 - DATOS DE LONGITUD FIJA--INFORMACIÓN GENERAL
campo de control de longitud fija 070613s1956 sp ||||1| spa d
020 ## - NÚMERO INTERNACIONAL ESTÁNDAR DEL LIBRO
Número Internacional Estándar del Libro 84-7226-499-8
080 ## - NÚMERO DE LA CLASIFICACIÓN DECIMAL UNIVERSAL
Número de la Clasificación Decimal Universal 811.134.1'35
100 1# - ENTRADA PRINCIPAL--NOMBRE DE PERSONA
Nombre de persona Marvá, Jeroni.
9 (RLIN) 78575
245 10 - MENCIÓN DEL TÍTULO
Título Exercicis de gramática catalana /
Mención de responsabilidad, etc. Jeroni Marvá ; revisió per Pompeu Fabra.
250 ## - MENCION DE EDICION
Mención de edición nova edició.
260 ## - PUBLICACIÓN, DISTRIBUCIÓN, ETC.
Lugar de publicación, distribución, etc. Barcelona :
Nombre del editor, distribuidor, etc. Editorial Barcino,
Fecha de publicación, distribución, etc. 1956.
300 ## - DESCRIPCIÓN FÍSICA
Extensión 78 p. ;
Dimensiones 17 cm.
490 1# - MENCIÓN DE SERIE
Mención de serie Collecció popular Barcino ;
Designación de volumen o secuencia vol.24
500 ## - NOTA GENERAL
Nota general Biblioteca Jacinto Martínez Lacalle.
505 8# - NOTA DE CONTENIDO CON FORMATO
Nota de contenido con formato Contiene: vol. I: Ortografía
650 #4 - PUNTO DE ACCESO ADICIONAL DE MATERIA--TÉRMINO DE MATERIA
Término de materia o nombre geográfico como elemento de entrada Lengua catalana-
Subdivisión general Gramática.
9 (RLIN) 14105
700 1# - ENTRADA AGREGADA--NOMBRE PERSONAL
Nombre de persona Fabra, Pompeu.
9 (RLIN) 48525
830 0# - PUNTO DE ACCESO ADICIONAL DE SERIE-TÍTULO UNIFORME
Título uniforme Col·lecció popular Barcino
Designación de volumen o secuencia vol.24
9 (RLIN) 229864
852 ## - LOCALIZACIÓN
Ubicación ES-MaACL
Número de control de estantería E-11679
Sublocalización o colección R.139677
Holdings
Estatus retirado Estado de pérdida Estado de daño No para préstamo Biblioteca de origen Biblioteca actual Ubicación en estantería Fecha de adquisición Fuente de adquisición Total de préstamos Signatura topográfica completa Código de barras Visto por última vez Precio de reemplazo Tipo de ítem Koha
        Biblioteca del Ateneo de Madrid Biblioteca del Ateneo de Madrid Depósito 2 17/01/2008     E-11679 1130707 23/02/2023 23/02/2023 Libro impreso